| 000 | 00718aam a2200205 4500 | ||
|---|---|---|---|
| 005 | 20161122130115.0 | ||
| 008 | 150227b xxu||||| |||| 00| 0 eng d | ||
| 041 | _aSPA | ||
| 082 | _a651.53 J22s | ||
| 100 |
_aJaen García, Luis Fernando _925594 |
||
| 245 | _aEl sistema nacional de información archivística como modelo de unificación de archivos | ||
| 260 |
_aCosta Rica _bUniversidad de Costa Rica _c2006 |
||
| 300 | _a160 páginas | ||
| 650 |
_aSISTEMAS DE ARCHIVOS _97361 |
||
| 650 |
_aSISTEMAS DE ALMACENAMIENTO Y RECUPERACIÓN DE ARCHIVOS _929111 |
||
| 650 |
_aADMINISTRACIÓN DE ARCHIVOS _96419 |
||
| 650 |
_aARCHIVOS _92576 |
||
| 650 |
_aADMINISTRACIÓN DE SISTEMAS DE INFORMACIÓN _929112 |
||
| 942 | _cBK | ||
| 999 |
_c3420 _d3420 |
||